| 000 | 01455nam a2200241Ia 4500 | ||
|---|---|---|---|
| 999 |
_c55595 _d55595 |
||
| 001 | 22690 | ||
| 003 | GE_BSU | ||
| 005 | 20230418155102.0 | ||
| 008 | 181216s2012||||ge |||||||||||||| ||geo|| | ||
| 020 | _a9789941923722 | ||
| 040 | _cGE_BSU | ||
| 041 | _ageo | ||
| 080 | _a371.12 მ-81 | ||
| 245 |
_aმოვემზადოთ მასწავლებელთა სასერტიფიკაციო გამოცდებისთვის : ქართული ენა, მათემატიკა, გეოგრაფია, ბიოლოგია, ფიზიკა, ქიმია : დაწყებითი კლასების მასწავლებლებისთვის / _b[იდეის ავტ. მანანა ბოჭორიშვილი ; წიგნზე მუშაობდნენ : ნათია ხაზარაძე [და სხვ.] ; რედ. მანანა ბალიაშვილი]. |
||
| 250 | _aმე-2 გამოცემა | ||
| 264 |
_a[თბ.] : _bუსტარი, _c[2012]. |
||
| 300 |
_a300 გვ. ; _c24 სმ. |
||
| 541 | _h15ლ. | ||
| 653 | _aმასწავლებელთა სასერტიფიკაციო გამოცდები | ||
| 653 | _aპედაგოგიკა | ||
| 700 |
_aბალიაშვილი, მანანა _eრედაქტორი _91339 |
||
| 942 |
_cBK _2udc |
||